000 00459nam a22001817a 4500
003 CEME
005 20210628202830.0
008 210127b xxu||||| |||| 00| 0 eng d
020 _a0-19-512895-8
040 _c.
082 _a519.3 OSB
100 _aOsborne, Martin.J
_935589
245 _aAn introduction to game theory
260 _aNEW YORK
_bOXFORD UNIVERSITY PRESS
_c2004
300 _aXVII,533P
650 _aGAME THEORY
_935591
942 _cBK
_2ddc
999 _c571153
_d571153